| 000 | 01132nam0a2200313 i 4500 | ||
|---|---|---|---|
| 001 | RU\NLR\BIBL_A\010303951 | ||
| 005 | 20260405175731.0 | ||
| 010 |
_a9785780901846 _9500 |
||
| 021 |
_aRU _b2014-9421 _9592 |
||
| 035 | _a(NILC)RuMoRGB-006745380 | ||
| 035 | _a(NLR Aleph) 010303951 | ||
| 090 |
_a10607265 _c10607265 |
||
| 100 | _a20140409d2014 u y0rusy50 ca | ||
| 101 | 0 | _arus | |
| 102 | _aRU | ||
| 105 | _ay|||z|||000gy | ||
| 200 | 1 |
_aТупая овца _eкнига стихотворений _fЕлизавета Емельянова-Сенчина |
|
| 210 |
_aМосква _cЛитературная Россия _d2014 |
||
| 215 |
_a30, [2] с. _d21 |
||
| 320 | _aДр. произведения авт. на 4-й с. обл. | ||
| 686 | 2 | _aШ6(2=Р)8-5 | |
| 700 | 1 |
_8rus _7ca _aЕмельянова-Сенчина _bЕ. А. _f1964- _gЕлизавета Анатольевна _3RU\NLR\AUTH\7776745 _959673 |
|
| 801 | 0 |
_aRU _bРГБ _c20140226 _gRCR |
|
| 801 | 1 |
_aRU _bРГБ _c20140226 _2rusmarc |
|
| 942 | _cBOOK | ||
| 980 | _aNBR | ||